|
|
|
|
| LEADER |
00961nam a2200277 a 4500 |
| 001 |
3961 |
| 003 |
BD-DhAAL |
| 005 |
20150525100528.0 |
| 008 |
150525r1990 nyua b 000 0 eng |
| 010 |
|
|
|a 89077127
|
| 020 |
|
|
|a 0075571382
|
| 040 |
|
|
|a DLC
|c DLC
|d DLC
|d BD-DhAAL
|
| 050 |
0 |
0 |
|a BF149
|b .B42 1990
|
| 082 |
|
|
|a 150
|
| 245 |
0 |
4 |
|a The Best of Psychology today /
|c edited by Paul Chance and T. George Harris.
|
| 260 |
|
|
|a New York :
|b McGraw-Hill,
|c c1990.
|
| 300 |
|
|
|a xviii, 268 p. :
|b ill. ;
|c 28 cm.
|
| 504 |
|
|
|a Includes bibliographical references.
|
| 541 |
|
|
|e 3961
|
| 650 |
|
0 |
|a Psychology.
|9 11387
|
| 700 |
1 |
|
|a Chance, Paul.
|9 11388
|
| 700 |
1 |
|
|a Harris, T. George,
|d 1924-
|9 11389
|
| 730 |
0 |
|
|a Psychology today.
|9 11390
|
| 942 |
|
|
|2 ddc
|c BK
|
| 999 |
|
|
|c 34512
|d 34512
|
| 952 |
|
|
|0 0
|1 0
|2 ddc
|4 0
|6 150_000000000000000_BES
|7 0
|9 53869
|a SCL
|b SCL
|c GEN
|d 2015-05-25
|e Gift: The Asia Foundation
|l 1
|m 3
|o 150 BES
|p 3020003961
|r 2017-06-18
|s 2017-05-17
|t 1
|w 2015-05-25
|y BK
|